Manual de zootalasografía (Record no. 160505)

MARC details
000 -LEADER
campo de control de longitud fija 01136nam a22002175i 4500
001 - NÚMERO DE CONTROL
campo de control 160505
003 - IDENTIFICADOR DE NÚMERO DE CONTROL
campo de control ES-MaACL
005 - FECHA Y HORA DE LA ÚLTIMA TRANSACCIÓN
campo de control 20251015063142.0
008 - DATOS DE LONGITUD FIJA--INFORMACIÓN GENERAL
campo de control de longitud fija 980710s1896 sp a |||| | spa d
040 ## - FUENTE DE CATALOGACIÓN
Centro catalogador/agencia de origen CCPB | B
Lengua de catalogación spa
Centro/agencia transcriptor CCPB | B
100 1# - ENTRADA PRINCIPAL--NOMBRE DE PERSONA
Nombre de persona Navarrete y Alcázar, Adolfo,
Fechas asociadas al nombre 1861-1925
9 (RLIN) 85044
245 10 - MENCIÓN DEL TÍTULO
Título Manual de zootalasografía
Resto del título : con descripción de los medios que se emplean para el estudio del mar y la captura y conservación científica de las especies /
Mención de responsabilidad, etc. presentado al Ministro de Marina por el teniente de navío Adolfo Navarrete para el uso de los oficiales de La Armada.
260 ## - PUBLICACIÓN, DISTRIBUCIÓN, ETC.
Lugar de publicación, distribución, etc. Madrid :
Nombre del editor, distribuidor, etc. [s.n.],
Fecha de publicación, distribución, etc. 1896 (
Fabricante Imprenta de la Viuda é Hija de Gómez Fuentenebro)
300 ## - DESCRIPCIÓN FÍSICA
Extensión XIV, 296 p., XX h. de lám., [4] h. pleg., [12] p. de tablas :
Otras características físicas il. ;
Dimensiones 26 cm.
530 ## - NOTA DISPONIBLE DE FORMULARIO FÍSICO ADICIONAL
Nota de formato físico adicional disponible Disponible también en sitio web.
650 #4 - PUNTO DE ACCESO ADICIONAL DE MATERIA--TÉRMINO DE MATERIA
Término de materia o nombre geográfico como elemento de entrada Fauna marina.
9 (RLIN) 137003
650 ## - PUNTO DE ACCESO ADICIONAL DE MATERIA--TÉRMINO DE MATERIA
Término de materia o nombre geográfico como elemento de entrada Biología marina.
9 (RLIN) 135692
852 ## - LOCALIZACIÓN
Ubicación ES-MaACL
Número de control de estantería G-10175
Nota libre -- Enc. hol.
856 ## - LOCALIZACIÓN Y ACCESO ELECTRÓNICOS
Identificador Uniforme de Recursos <a href="http://bibliotecadigitalhispanica.bne.es:80/webclient/DeliveryManager?pid=1602700&custom_att_2=simple_viewer">http://bibliotecadigitalhispanica.bne.es:80/webclient/DeliveryManager?pid=1602700&custom_att_2=simple_viewer</a>
Nota pública Ir a la página
Holdings
Estatus retirado Estado de pérdida Estado de daño No para préstamo Colección Biblioteca de origen Biblioteca actual Ubicación en estantería Fecha de adquisición Fuente de adquisición Total de préstamos Signatura topográfica completa Código de barras Visto por última vez Precio de reemplazo Tipo de ítem Koha
        Colección digital Biblioteca del Ateneo de Madrid Biblioteca del Ateneo de Madrid Sala Pecera Planta 3 17/01/2008     G-10175 1168060 23/02/2023 23/02/2023 Libro impreso antiguo